[Event "Kiev Chess Union-ch"]
[Site "Kiev"]
[Date "2005.10.12"]
[Round "5"]
[White "Pavlov, Sergey1"]
[Black "Rogovski, Vladimir"]
[Result "1/2-1/2"]
[WhiteElo "2459"]
[BlackElo "2505"]
[PlyCount "29"]
[EventDate "2005.10.08"]
[EventType "tourn"]
[EventRounds "11"]
[EventCountry "UKR"]
[EventCategory "4"]
[SourceTitle "CBM 108 Extra"]
[Source "ChessBase"]
[SourceDate "2005.11.04"]
[SourceVersion "1"]
[SourceVersionDate "2005.11.04"]
[SourceQuality "1"]

1. Nf3 c5 2. c4 Nf6 3. Nc3 d5 4. cxd5 Nxd5 5. e4 Nxc3 6. dxc3 Qxd1+ 7. Kxd1 Nc6 8. Be3 b6 9. Nd2 Bb7 10. a4 e6 11. Bb5 0-0-0 12. f3 Bd6 13. Kc2 Bc7 14. Rad1 h6 15. h4 1/2-1/2

[Event "Kiev Chess Union-ch"]
[Site "Kiev"]
[Date "2005.10.11"]
[Round "4"]
[White "Rogovski, Vladimir"]
[Black "Kruglyakov, Pavlo"]
[Result "1-0"]
[WhiteElo "2505"]
[BlackElo "2242"]
[PlyCount "35"]
[EventDate "2005.10.08"]
[EventType "tourn"]
[EventRounds "11"]
[EventCountry "UKR"]
[EventCategory "4"]
[SourceTitle "CBM 108 Extra"]
[Source "ChessBase"]
[SourceDate "2005.11.04"]
[SourceVersion "1"]
[SourceVersionDate "2005.11.04"]
[SourceQuality "1"]

1. e4 c5 2. Nf3 e6 3. d4 cxd4 4. Nxd4 a6 5. Nc3 Qc7 6. Be2 b5 7. 0-0 Bb7 8. Re1 Nc6 9. Bf1 Ne5 10. Bf4 d6 11. a4 b4 12. Na2 a5 13. c3 Nf6 14. cxb4 Be7 15. Rc1 Qb6 16. Bb5+ Ned7 17. bxa5 Qxa5 18. Nc6 1-0

[Event "Kiev Chess Union-ch"]
[Site "Kiev"]
[Date "2005.10.08"]
[Round "1"]
[White "Solomaha, Andrey"]
[Black "Rogovski, Vladimir"]
[Result "1/2-1/2"]
[WhiteElo "2368"]
[BlackElo "2505"]
[PlyCount "77"]
[EventDate "2005.10.08"]
[EventType "tourn"]
[EventRounds "11"]
[EventCountry "UKR"]
[EventCategory "4"]
[SourceTitle "CBM 108 Extra"]
[Source "ChessBase"]
[SourceDate "2005.11.04"]
[SourceVersion "1"]
[SourceVersionDate "2005.11.04"]
[SourceQuality "1"]

1. e4 e5 2. d4 exd4 3. Qxd4 Nf6 4. Nc3 Nc6 5. Qe3 Bb4 6. Bd2 0-0 7. 0-0-0 Re8 8. Qg3 d6 9. f3 Ne5 10. h4 Kh8 11. h5 h6 12. Qf4 c6 13. g4 Nh7 14. Qg3 d5 15. f4 Nxg4 16. e5 d4 17. Be2 f5 18. Bxg4 fxg4 19. Ne4 Qd5 20. Bxb4 Qxe4 21. Rh2 b6 22. Bd6 c5 23. Ne2 Qd5 24. Qb3 Qc6 25. Ng3 Be6 26. Qd3 Bd5 27. Re1 Bf3 28. Nf5 Qd7 29. Nh4 Qxd6 30. Nxf3 Qf8 31. Nh4 Qxf4+ 32. Kb1 Nf8 33. Rf1 Qxh2 34. Rxf8+ Rxf8 35. Ng6+ Kg8 36. Ne7+ Kf7 37. Qg6+ Kxe7 38. Qd6+ Kf7 39. Qd5+ 1/2-1/2

[Event "RUS-chT Clubs"]
[Site "Sochi"]
[Date "2005.04.25"]
[Round "8"]
[White "Rogovski, Vladimir"]
[Black "Ionov, Sergey"]
[Result "1-0"]
[WhiteElo "2509"]
[BlackElo "2527"]
[PlyCount "117"]
[EventDate "2005.04.19"]
[EventType "team"]
[EventRounds "9"]
[EventCountry "RUS"]
[SourceTitle "EXT 2006"]
[Source "ChessBase"]
[SourceDate "2005.11.24"]
[SourceVersion "1"]
[SourceVersionDate "2005.11.24"]
[SourceQuality "1"]

1. e4 c5 2. Nf3 d6 3. d4 cxd4 4. Nxd4 Nf6 5. Nc3 a6 6. f4 Qc7 7. Qf3 g6 8. f5 Nbd7 9. Bg5 b5 10. e5 Bb7 11. exd6 Qb6 12. Qe3 Qxd6 13. 0-0-0 Qe5 14. Qxe5 Nxe5 15. Ndxb5 axb5 16. Bxb5+ Nfd7 17. Rhe1 0-0-0 18. Bxd7+ Nxd7 19. Bxe7 Bxe7 20. Rxe7 Bc6 21. Rxf7 Rdf8 22. Rxf8+ Rxf8 23. fxg6 hxg6 24. g3 Rf2 25. Rd2 Rf1+ 26. Rd1 Rf2 27. h4 Nf6 28. b4 Ne4 29. Nxe4 Bxe4 30. Rd2 Rf1+ 31. Kb2 Rg1 32. Rd4 Bf5 33. Rc4+ Kb7 34. Rc3 Bd7 35. Rd3 Bf5 36. Rc3 Bd7 37. Rf3 Bc6 38. Re3 Kc7 39. c4 Kd6 40. a3 Ba4 41. Kc3 Bd7 42. Rd3+ Kc7 43. Kd4 Bf5 44. Rf3 Kd6 45. h5 Rd1+ 46. Kc3 Rc1+ 47. Kb3 Be6 48. Rc3 Rb1+ 49. Ka2 Rd1 50. hxg6 Rd4 51. Kb3 Rg4 52. a4 Rxg6 53. Ka3 Rf6 54. c5+ Ke5 55. b5 Kd4 56. Rc1 Rf3+ 57. Kb4 Rxg3 58. c6 Ke5 59. Kc5 1-0

[Event "RUS-chT Clubs"]
[Site "Sochi"]
[Date "2005.04.20"]
[Round "5"]
[White "Askarov, Marat"]
[Black "Rogovski, Vladimir"]
[Result "0-1"]
[WhiteElo "2455"]
[BlackElo "2509"]
[PlyCount "74"]
[EventDate "2005.04.19"]
[EventType "team"]
[EventRounds "9"]
[EventCountry "RUS"]
[SourceTitle "EXT 2006"]
[Source "ChessBase"]
[SourceDate "2005.11.24"]
[SourceVersion "1"]
[SourceVersionDate "2005.11.24"]
[SourceQuality "1"]

1. c4 e5 2. g3 Nf6 3. Bg2 c6 4. d4 Bb4+ 5. Bd2 Bxd2+ 6. Qxd2 d6 7. dxe5 dxe5 8. Qxd8+ Kxd8 9. Nf3 Re8 10. Nc3 Bg4 11. h3 Bxf3 12. Bxf3 e4 13. Bg2 e3 14. f4 Nbd7 15. 0-0 Kc7 16. Rac1 Nc5 17. Rfd1 a5 18. g4 h5 19. Bf3 h4 20. g5 Nfe4 21. Bxe4 Nxe4 22. Rd4 Ng3 23. Rcd1 Re7 24. Kg2 f6 25. gxf6 gxf6 26. Kf3 Rg8 27. Rg1 Rgg7 28. Rd3 Nf1 29. Rxg7 Rxg7 30. Ke4 Rg3 31. c5 Rxh3 32. Na4 Ng3+ 33. Kf3 f5 34. Kg2 Nxe2 35. Kxh3 Nxf4+ 36. Kxh4 Nxd3 37. Nc3 Nxc5 0-1

[Event "RUS-chT Clubs"]
[Site "Sochi"]
[Date "2005.04.20"]
[Round "3"]
[White "Miroshnichenko, Evgenij"]
[Black "Rogovski, Vladimir"]
[Result "1-0"]
[WhiteElo "2628"]
[BlackElo "2509"]
[PlyCount "111"]
[EventDate "2005.04.19"]
[EventType "team"]
[EventRounds "9"]
[EventCountry "RUS"]
[SourceTitle "EXT 2006"]
[Source "ChessBase"]
[SourceDate "2005.11.24"]
[SourceVersion "1"]
[SourceVersionDate "2005.11.24"]
[SourceQuality "1"]

1. Nf3 g6 2. d4 f5 3. Nc3 Nf6 4. Bg5 Bg7 5. Bxf6 Bxf6 6. e4 0-0 7. e5 Bg7 8. h4 d6 9. Bc4+ e6 10. Qe2 d5 11. Bb3 h6 12. Qe3 a5 13. a3 f4 14. Qd3 Qe8 15. Nb5 Na6 16. a4 Rf5 17. c3 Bd7 18. Bc2 Qf7 19. Qe2 Rf8 20. Bd3 Rh5 21. Qc2 Be8 22. 0-0-0 Kh7 23. Rhf1 Qe7 24. g4 fxg3 25. fxg3 Rhf5 26. Bxf5 gxf5 27. h5 Kh8 28. Qd2 Rg8 29. Qf4 Bf8 30. Rh1 Qg7 31. g4 Be7 32. Qd2 Bg5 33. Nxg5 hxg5 34. Rh2 f4 35. b3 Qe7 36. Kb2 Rg7 37. Qd3 Bf7 38. Rc1 Bg8 39. Na7 Qe8 40. h6 Rg6 41. Qb5 Qb8 42. Qd7 Qf8 43. Qc8 Qxc8 44. Nxc8 Kh7 45. Ne7 Bf7 46. Nxg6 Bxg6 47. Rch1 c5 48. Rh5 Bxh5 49. Rxh5 cxd4 50. cxd4 Nb4 51. Kc3 Nc6 52. Rxg5 Kxh6 53. Rg8 Ne7 54. Re8 Ng6 55. Rxe6 Kg5 56. Rxg6+ 1-0

[Event "Zaporozhye ZAZ Cup"]
[Site "Zaporozhye"]
[Date "2004.09.20"]
[Round "2"]
[White "Pushkov, Nikolai"]
[Black "Rogovski, Vladimir"]
[Result "1/2-1/2"]
[WhiteElo "2451"]
[BlackElo "2486"]
[PlyCount "30"]
[EventDate "2004.09.19"]
[EventType "tourn"]
[EventRounds "11"]
[EventCountry "UKR"]
[EventCategory "8"]
[SourceTitle "CBM 102 Extra"]
[Source "ChessBase"]
[SourceDate "2004.11.03"]
[SourceVersion "1"]
[SourceVersionDate "2004.11.03"]
[SourceQuality "1"]

1. Nf3 Nf6 2. c4 e6 3. Nc3 d5 4. d4 Be7 5. Bg5 0-0 6. e3 Nbd7 7. Qc2 a6 8. cxd5 exd5 9. Bd3 Re8 10. 0-0 c6 11. Rab1 g6 12. b4 Nh5 13. Bxe7 Qxe7 14. a4 Nb6 15. Rfe1 Ng7 1/2-1/2

[Event "Noyabrsk Fakel Jamala"]
[Site "Noyabrsk"]
[Date "2003.11.24"]
[Round "7"]
[White "Rogovski, Vladimir"]
[Black "Kovchan, Alexander"]
[Result "1-0"]
[WhiteElo "2474"]
[BlackElo "2561"]
[PlyCount "74"]
[EventDate "2003.11.18"]
[EventType "tourn"]
[EventRounds "11"]
[EventCountry "RUS"]
[EventCategory "10"]
[SourceTitle "CBM 099"]
[Source "ChessBase"]
[SourceDate "2004.03.30"]
[SourceVersion "1"]
[SourceVersionDate "2004.03.30"]
[SourceQuality "1"]

1. e4 c5 2. Nf3 d6 3. c3 Nf6 4. Be2 Nc6 5. d4 cxd4 6. cxd4 Nxe4 7. d5 Qa5+ 8. Nc3 Nxc3 9. bxc3 Nb8 10. 0-0 Nd7 11. Rb1 a6 12. Re1 Nc5 13. Be3 g6 14. Bd4 f6 15. Nd2 Qc7 16. Bg4 Bg7 17. Bxc5 Qxc5 18. Nb3 Qc4 19. Bxc8 Qxc8 20. Nd4 f5 21. Ne6 Bf6 22. c4 Kf7 23. c5 Re8 24. cxd6 Rb8 25. Nc7 Rd8 26. dxe7 Bxe7 27. d6 Bxd6 28. Qb3+ Kf6 29. Ne6 Be5 30. Rxe5 Kxe5 31. Re1+ Kf6 32. Qb2+ Ke7 33. Qg7+ Kd6 34. Nxd8 Qxd8 35. Rd1+ Kc6 36. Qc3+ Kb6 37. Qe3+ Kc6 1-0

[Event "Noyabrsk Fakel Jamala"]
[Site "Noyabrsk"]
[Date "2003.11.22"]
[Round "5"]
[White "Brodsky, Michail"]
[Black "Rogovski, Vladimir"]
[Result "1/2-1/2"]
[WhiteElo "2559"]
[BlackElo "2474"]
[PlyCount "76"]
[EventDate "2003.11.18"]
[EventType "tourn"]
[EventRounds "11"]
[EventCountry "RUS"]
[EventCategory "10"]
[SourceTitle "CBM 099"]
[Source "ChessBase"]
[SourceDate "2004.03.30"]
[SourceVersion "1"]
[SourceVersionDate "2004.03.30"]
[SourceQuality "1"]

1. e4 e5 2. Nf3 Nc6 3. Bb5 a6 4. Ba4 Nf6 5. 0-0 Be7 6. Re1 b5 7. Bb3 d6 8. c3 0-0 9. d3 h6 10. Nbd2 Re8 11. Nf1 Bf8 12. Ng3 Na5 13. Bc2 c5 14. d4 cxd4 15. cxd4 Nc6 16. d5 Nb4 17. Bb1 a5 18. a3 Na6 19. b4 Bd7 20. Bd2 axb4 21. axb4 Nc7 22. Bd3 Ra4 23. Qc2 Qb8 24. Bc3 Rc8 25. Qb2 Na8 26. Nd2 Nb6 27. Ne2 Be7 28. Qb3 Bd8 29. h3 Qa7 30. Bb2 Nc4 31. Bxc4 bxc4 32. Qf3 Qb7 33. Bc3 Bb6 34. Ng3 Rxa1 35. Rxa1 Nh7 36. Rc1 Nf8 37. Nf5 Bxf5 38. exf5 Nh7 1/2-1/2

[Event "Noyabrsk Fakel Jamala"]
[Site "Noyabrsk"]
[Date "2003.11.19"]
[Round "2"]
[White "Rogovski, Vladimir"]
[Black "Baklan, Vladimir"]
[Result "1/2-1/2"]
[WhiteElo "2474"]
[BlackElo "2600"]
[PlyCount "69"]
[EventDate "2003.11.18"]
[EventType "tourn"]
[EventRounds "11"]
[EventCountry "RUS"]
[EventCategory "10"]
[SourceTitle "CBM 099"]
[Source "ChessBase"]
[SourceDate "2004.03.30"]
[SourceVersion "1"]
[SourceVersionDate "2004.03.30"]
[SourceQuality "1"]

1. e4 c5 2. Nf3 Nc6 3. d4 cxd4 4. Nxd4 Nf6 5. Nc3 d6 6. Bc4 e5 7. Nxc6 bxc6 8. 0-0 Be7 9. f4 0-0 10. Kh1 Qb6 11. Qf3 Qc5 12. b3 exf4 13. Bxf4 Be6 14. Bxe6 fxe6 15. Qh3 e5 16. Bg5 Rae8 17. Rad1 Bd8 18. Bxf6 Bxf6 19. Qd3 Qd4 20. Rf3 Qxd3 21. Rdxd3 Rd8 22. Nd1 Kf7 23. c4 Ke6 24. Nc3 a5 25. g3 Bg5 26. Kg2 Bc1 27. Rxf8 Rxf8 28. c5 dxc5 29. Na4 Ba3 30. Nb6 c4 31. Nxc4 Bc5 32. Rd2 Ra8 33. Rc2 Ra6 34. Kf3 Bd4 35. Ke2 1/2-1/2